00630nam a2200145 a 4500008004100000020001800041050001900059245017100078260008800249300003400337650003200371650002200403650003100425650002800456170727s2017 ||||||||||||||||| || u a9781920446666 aZAM K 3293 Ele00aElectoral justice in zambian: resolving disputes from the 2016 elections and emerging jurisprudencecBy Electoral Institute for Sustainable Democracy in Africa (EISA) aJohannesburgbElectoral Institute for Sustainable Democracy in Africa (EISA) c2017 aviii, 76 pages: illustrations aCONTESTED ELECTIONS--ZAMBIA aELECTIONS--ZAMBIA aELECTIONS DISPUTES--ZAMBIA aDISPUTE RESOLUTION(LAW)